Statistics for Mystery Country #6

Click here to take the quiz!

General Stats

  • This quiz has been taken 191 times
  • The average score is 14 of 17

Answer Stats

QuestionClues% Correct
2. What is Japans currency?
100%
3. What country has the largest Muslim population?
99%
4. What is France's biggest coastal city?
97%
The Mystery Country is not in Asia
97%
1. What is the capital of Australia?The Mystery Country is not in Oceania
97%
The Mystery Country's official language is a Western Romance language
88%
5. What is the name of Germany's highway system?
87%
6. What type of animal is depicted on California's flag?
86%
7. What country is known as Suomi in its own language?
83%
The Mystery Country borders more than 3 countries
79%
The Mystery Country has blue in its flag
78%
8. What country do Magyars come from?
77%
In the Mystery Country you should drive on the right side of the road.
77%
The Mystery Country is in the top 10 of biggest countries in the world
73%
Brazil
70%
The Mystery Country is:
65%
The Mystery Country is in the Americas
65%

Score Distribution

Percentile by Number Answered

Percent of People with Each Score

Your Score History

You have not taken this quiz